A new direction for agricultural policy? (Record no. 6493)

MARC details
000 -LEADER
fixed length control field 01006cab a2200217 4500
001 - CONTROL NUMBER
control field ABS38403
008 - FIXED-LENGTH DATA ELEMENTS--GENERAL INFORMATION
fixed length control field 090401t1987 xxu||||| |||| 00| 0 eng d
035 ## - SYSTEM CONTROL NUMBER
System control number (Sirsi) u10319
041 ## - LANGUAGE CODE
Language code of text/sound track or separate title eng
100 ## - MAIN ENTRY--PERSONAL NAME
Personal name Jones, J.V.H.
245 #2 - TITLE STATEMENT
Title A new direction for agricultural policy?
260 ## - PUBLICATION, DISTRIBUTION, ETC.
Date of publication, distribution, etc. 1987
350 ## - PRICE (NR) (BK AM CF MU VM SE) [OBSOLETE]
Price 0
490 ## - SERIES STATEMENT
Series statement Valuer (ISVA)
Volume/sequential designation 6(8) October 1987, 278-279(2)
520 ## - SUMMARY, ETC.
Summary, etc. Nine areas in the UK have been designated environmentally sensitive areas and farmers within these areas will be able to apply for a new kind of farming subsidy scheme. Instead of being encouraged to increase production, they will be paid to cut back under a management programme aimed at harmonising farming practices with the interests of wildlife and the landscape. This article explains how the system will operate and asks has this new change in Government agricultural policy come too late?
650 ## - SUBJECT ADDED ENTRY--TOPICAL TERM
Topical term or geographic name entry element CONSERVATION
650 ## - SUBJECT ADDED ENTRY--TOPICAL TERM
Topical term or geographic name entry element GRANTS
690 ## - LOCAL SUBJECT ADDED ENTRY--TOPICAL TERM (OCLC, RLIN)
Topical term or geographic name as entry element RURAL PRACTICE
942 ## - ADDED ENTRY ELEMENTS (KOHA)
Suppress in OPAC 0
948 ## - LOCAL PROCESSING INFORMATION (OCLC); SERIES PART DESIGNATOR (RLIN)
c (OCLC) 04/03/1997
Holdings
Withdrawn status Lost status Source of classification or shelving scheme Damaged status Not for loan Home library Current library Shelving location Date acquired Total Checkouts Full call number Barcode Date last seen Copy number Price effective from Koha item type
    Dewey Decimal Classification     London London Journal article 14/09/1999   ABS38403 10319-1001 06/08/2019 1 06/08/2019 Journal article